[Event "AUTO-ADV-4852"]
[Site "http://www.queenalice.com/game.php?id=1853885"]
[Date "2025.3.14"]
[Round "1"]
[White "SGF"]
[Black "askasl159"]
[Result "0-1"]
[WhiteElo "1700"]
[BlackElo "1880"]

1. e4 e5 2. Qf3 Nf6 3. d3 h6 4. Be2 d5 5. Qg3 Nc6 6. c3 dxe4 7. h3 exd3 8. Bxd3
e4 9. Bb5 Bd7 10. a3 a6 11. Bxc6 Bxc6 12. Nd2 Nh5 13. Qe5+ Qe7 14. Qxh5 e3 15.
fxe3 Qxe3+ 16. Qe2 Qxe2+ 17. Nxe2 Bxg2 18. Rh2 Bc6 19. Nd4 Bd6 20. Re2+ Kd7 21.
Nf5 g6 22. Nxd6 cxd6 23. Nc4 Rae8 24. Bf4 Rxe2+ 25. Kxe2 Re8+ 26. Kf2 Re6 27.
Rd1 d5 28. Bxh6 b5 29. Ne3 Re5 30. Bg7 Rh5 31. Kg3 Ke6 32. c4 bxc4 33. Kg4 f5+
34. Kg3 Rh7 35. Bf8 Rf7 36. Bc5 f4+ 37. Kg4 fxe3 38. Bxe3 Ba4 39. Re1 Rf5 40. h4
Ke5 41. Bf4+ Kd4 42. Re6 Bd1+ 43. Kg3 a5 44. Rxg6 a4 45. Bg5 c3 46. Bf6+ Kc4 47.
bxc3 Kb3 48. Rg5 Rxf6 49. Rxd5 Bc2 50. h5 Kxa3 51. c4 Kb4 52. c5 Rc6 53. Kg4 a3
54. Kg5 Rxc5 55. Rxc5 Kxc5 56. h6 a2 57. Kf6 a1=Q+ 58. Kf7 Qa6 59. Kg7 Qg6+ 60.
Kh8 Qh7# 0-1

[Event "AUTO-OPEN-4582"]
[Site "http://www.queenalice.com/game.php?id=1853981"]
[Date "2025.3.15"]
[Round "1"]
[White "josebaron"]
[Black "askasl159"]
[Result "1-0"]
[WhiteElo "2204"]
[BlackElo "1856"]

1. e4 e5 2. Nf3 Nc6 3. Bb5 Nge7 4. Bxc6 Nxc6 5. O-O Bc5 6. Nc3 O-O 7. d3 h6 8.
Be3 Bxe3 9. fxe3 a6 10. a4 f5 11. exf5 Rxf5 12. e4 Rf6 13. Nd5 Rf7 14. c3 d6 15.
a5 Be6 16. b4 Bxd5 17. exd5 Ne7 18. c4 c6 19. dxc6 bxc6 20. Qe2 Ng6 21. Qe4 Qd7
22. Qxg6 Raf8 23. Qe4 Rf4 24. Qe3 d5 25. Nxe5 Rxf1+ 26. Rxf1 Rxf1+ 27. Kxf1 Qd6
28. c5 Qf6+ 29. Ke2 1-0

[Event "AUTO-OPEN-4582"]
[Site "http://www.queenalice.com/game.php?id=1853982"]
[Date "2025.3.15"]
[Round "1"]
[White "askasl159"]
[Black "josebaron"]
[Result "1/2-1/2"]
[WhiteElo "1857"]
[BlackElo "2214"]

1. e4 e5 2. f4 exf4 3. Nf3 d6 4. Bc4 Be7 5. O-O Bg4 6. d4 Nf6 7. Nc3 O-O 8. Bxf4
Nc6 9. h3 Bh5 10. a3 h6 11. Qd3 Bg6 12. Rf2 Nh5 13. Bh2 a6 14. b4 Bh4 15. Nxh4
Qxh4 16. Raf1 Rae8 17. g4 Nf6 18. Rf4 h5 19. Kg2 hxg4 1/2-1/2

[Event "AUTO-OPEN-4537"]
[Site "http://www.queenalice.com/game.php?id=1854150"]
[Date "2025.3.18"]
[Round "2"]
[White "CCapivara"]
[Black "askasl159"]
[Result "1/2-1/2"]
[WhiteElo "2243"]
[BlackElo "1897"]

1. e4 e5 2. Nf3 Nc6 3. Bb5 Nge7 4. O-O g6 5. d3 Bg7 6. Bg5 O-O 7. Qd2 a6 8. Ba4
b5 9. Bb3 Bb7 10. c3 Na5 11. Bc2 d5 12. Bh6 dxe4 13. dxe4 Nc4 14. Qxd8 Rfxd8 15.
Bxg7 Kxg7 16. b3 Nb6 17. Nxe5 Rd6 18. Nf3 Rad8 19. e5 R6d7 20. Nd4 Nc6 21. Nxc6
Bxc6 22. f4 Nd5 23. f5 Ne3 24. f6+ Kh6 25. Rf2 Nxc2 26. Rxc2 Rd1+ 27. Kf2 Be4
28. Re2 Bxb1 29. e6 fxe6 30. Rxe6 R1d2+ 31. Ke1 Bf5 32. Re7 R2d7 33. Kf2 Rf8 34.
Rae1 Rxf6 35. Rxd7 Bxd7+ 36. Kg3 Rf7 37. Re2 g5 38. h3 a5 39. Rd2 c5 40. Rd5 c4
41. bxc4 b4 42. cxb4 axb4 43. c5 Kh5 44. Rd6 Ba4 45. Rd4 Ra7 46. Rxb4 Bd7 47.
Rb6 Rxa2 48. c6 Bf5 49. Rb5 Be4 50. h4 Rxg2+ 51. Kh3 h6 52. Rc5 Rc2 53. Re5 Bxc6
54. hxg5 hxg5 55. Kg3 Rc3+ 56. Kh2 Kh4 57. Re6 Rc2+ 58. Kg1 Bb5 59. Re4+ g4 60.
Rb4 Kg3 61. Rb3+ Kh4 62. Rxb5 g3 63. Rb8 Rc5 64. Rh8+ Kg4 1/2-1/2

[Event "AUTO-OPEN-4537"]
[Site "http://www.queenalice.com/game.php?id=1854151"]
[Date "2025.3.18"]
[Round "2"]
[White "askasl159"]
[Black "CCapivara"]
[Result "0-1"]
[WhiteElo "1919"]
[BlackElo "2216"]

1. e4 c5 2. b4 cxb4 3. a3 bxa3 4. Bxa3 d6 5. d4 Nf6 6. Nc3 g6 7. Nf3 Bg7 8. Bd3
O-O 9. O-O Bg4 10. h3 Bxf3 11. Qxf3 Nc6 12. Qe3 Nh5 13. Ne2 a6 14. Ra2 Rc8 15.
c4 Na5 16. Rc1 Qb6 17. Rb2 Qa7 18. c5 dxc5 19. Bxc5 Qb8 20. Bxe7 Rfe8 21. Bb4
Nc6 22. Bc5 Qc7 23. Rcb1 b5 24. e5 Qd7 25. Nc3 Rcd8 26. Bb6 Rb8 27. Bc5 Nf6 28.
Be4 Nxe4 29. Nxe4 a5 30. Rxb5 Rxb5 31. Rxb5 Nxd4 32. Qxd4 Qxb5 33. Nd6 Qb1+ 0-1

[Event "AUTO-OPEN-4550"]
[Site "http://www.queenalice.com/game.php?id=1854393"]
[Date "2025.3.23"]
[Round "2"]
[White "askasl159"]
[Black "Tonto"]
[Result "1-0"]
[WhiteElo "1854"]
[BlackElo "2029"]

1. e4 e5 2. f4 exf4 3. Nf3 Nf6 4. Nc3 Bb4 5. Bd3 O-O 6. O-O Re8 7. Re1 d6 8. b3
Bg4 9. Bb2 Nc6 10. h3 Bh5 11. a3 Bc5+ 12. Kh1 Ne5 13. Rf1 Nxf3 14. gxf3 Bd4 15.
Qe2 c5 16. Ra2 d5 17. Bb5 Re7 18. Qg2 Bg6 19. b4 Nh5 20. Ne2 dxe4 21. Nxd4 Ng3+
22. Kg1 Nxf1 23. Nf5 Bxf5 24. Qxg7# 1-0

[Event "AUTO-OPEN-4550"]
[Site "http://www.queenalice.com/game.php?id=1854394"]
[Date "2025.3.23"]
[Round "2"]
[White "Tonto"]
[Black "askasl159"]
[Result "0-1"]
[WhiteElo "2020"]
[BlackElo "1877"]

1. e4 e5 2. Nf3 Nc6 3. Be2 Nf6 4. d3 Bc5 5. Bg5 O-O 6. O-O h6 7. Bh4 d6 8. Nc3
Be6 9. Na4 b5 10. Nxc5 dxc5 11. c3 Qe7 12. d4 cxd4 13. cxd4 Nxd4 14. Nxe5 Nxe2+
15. Qxe2 g5 16. Bg3 a6 17. Rac1 Bc4 18. Nxc4 bxc4 19. Rxc4 Nd5 20. Qh5 Nb6 21.
Rxc7 Qe6 22. b3 Rac8 23. Re1 Rxc7 24. Bxc7 Nd5 25. e5 Nxc7 26. h4 g4 27. Re4 f5
28. Re2 Rd8 29. f3 g3 30. Kf1 a5 31. f4 Rd1+ 32. Re1 Qa6+ 33. Qe2 Rxe1+ 34. Kxe1
Qc6 35. Qd3 Qc1+ 36. Ke2 Ne6 37. Qd5 Qc2+ 38. Kf3 Qf2# 0-1

[Event "AUTO-OPEN-4550"]
[Site "http://www.queenalice.com/game.php?id=1854396"]
[Date "2025.3.23"]
[Round "2"]
[White "Shizumaru_Hisame"]
[Black "askasl159"]
[Result "0-1"]
[WhiteElo "1834"]
[BlackElo "1862"]

1. e4 e5 2. Bc4 Nf6 3. d4 exd4 4. Qxd4 Nc6 5. Qd3 Ne5 6. Qe2 h6 7. Bb5 Bc5 8.
Bf4 Qe7 9. Nc3 a6 10. Ba4 b5 11. Bb3 Bb7 12. O-O-O O-O 13. Nd5 Bxd5 14. exd5 d6
15. Qd2 Ne4 16. Qe1 Nxf2 17. Nf3 Nxd1 18. Qxd1 Nxf3 19. Qxf3 Rfe8 20. Qg3 Be3+
21. Bxe3 Qxe3+ 22. Qxe3 Rxe3 23. c3 Rae8 0-1

[Event "AUTO-ADV-4856"]
[Site "http://www.queenalice.com/game.php?id=1854864"]
[Date "2025.4.2"]
[Round "1"]
[White "askasl159"]
[Black "zmanomega"]
[Result "1-0"]
[WhiteElo "1915"]
[BlackElo "1696"]

1. e4 e5 2. f4 Nc6 3. Nf3 exf4 4. Bc4 Qf6 5. d4 g5 6. h3 a6 7. Nc3 d6 8. a3 Na5
9. Ba2 Ne7 10. Nh2 b5 11. Nd5 Nxd5 12. Bxd5 c6 13. Ba2 Bh6 14. Qd2 O-O 15. Qxa5
Qxd4 16. Qb4 Qe5 17. Nf3 Qe6 18. Bxe6 1-0

[Event "AUTO-OPEN-4585"]
[Site "http://www.queenalice.com/game.php?id=1854900"]
[Date "2025.4.2"]
[Round "1"]
[White "askasl159"]
[Black "Carlos19"]
[Result "1-0"]
[WhiteElo "1908"]
[BlackElo "1674"]

1. e4 e5 2. f4 Nc6 3. Nf3 exf4 4. d4 d6 5. Bc4 h6 6. Bxf4 Nf6 7. Nc3 Bg4 8. O-O
Nxd4 9. Qxd4 c5 10. Qd3 g5 11. Bb5+ Nd7 12. Bxd6 a6 13. Bxf8 Rxf8 14. Bxd7+ Bxd7
15. Ne5 f6 16. Nxd7 Qxd7 17. Nd5 Qc6 18. Rf5 Rd8 19. Raf1 Rd6 20. c4 b5 21. b3
b4 22. e5 Qd7 23. exd6 Qxd6 24. Nxf6+ Qxf6 25. Rxf6 1-0

[Event "AUTO-MASTER-3259"]
[Site "http://www.queenalice.com/game.php?id=1854969"]
[Date "2025.4.3"]
[Round "1"]
[White "JailtonMaster"]
[Black "askasl159"]
[Result "1-0"]
[WhiteElo "2164"]
[BlackElo "1922"]

1. e4 e5 2. Nf3 Nc6 3. Bb5 Nge7 4. O-O a6 5. Ba4 g6 6. d4 Bg7 7. c3 exd4 8. cxd4
d5 9. e5 O-O 10. Nc3 b5 11. Bc2 Bg4 12. Be3 Bxf3 13. Qxf3 Nb4 14. Bb3 c6 15. Bg5
Re8 16. a3 a5 17. axb4 axb4 18. Na2 Qc7 19. Nxb4 Nf5 20. Qd3 h6 21. Bd2 f6 22.
Rxa8 Rxa8 23. Nxd5 Qd8 24. Nc7+ Kh8 25. Nxa8 Qxa8 26. Re1 fxe5 27. dxe5 1-0